000 00694nam a2200205 4500
001 131728
003 ES-MaACL
005 20230906194033.0
007 t|
008 070214s1955 sp r ||||1| spa d
100 1 _aRoemer, Hans.
_998905
245 1 0 _aNeurosis orgánicas ginecológicas
_b: introducción a la psicosomática /
_cHans Roemer ; versión directa del alemán por Vicente Peset Llorca.
260 _aMadrid :
_bAlhambra,
_c1955.
300 _a143 p. ;
_c23 cm.
490 1 _aMonografías médicas alhambra
700 1 _aPeset Llorca, Vicente.
_991436
830 0 _aMonografías médicas alhambra
_9182831
852 _aES-MaACL
_jC-9505
_bR.37614
999 _c131728
_d131728